| 000 | 00339nam a22001337a 4500 | ||
|---|---|---|---|
| 008 | 230606b xxu||||| |||| 00| 0 eng d | ||
| 020 | _a0421333405 | ||
| 082 |
_a342 _bPHI |
||
| 100 | _cO. Hood Phillips | ||
| 245 | _aConstitutional and Administrative Law | ||
| 260 |
_alondon _bSweet & Maxwell ltd _c1978 |
||
| 300 | _a746p | ||
| 942 |
_2ddc _cBK |
||
| 999 |
_c492 _d492 |
||